000 00566nam a2200217Ia 4500
003 OSt
005 20220924153613.0
006 a|||||r|||| 00| 0
007 ta
008 220923b |||||||| |||| 00| 0 tam d
024 _a350940
037 _cTextual
040 _aARTS
_cARTS
_btam
041 _2tam
_atam
082 _aO31,1M26(Y15), N4
100 _aRajagopalan Sarala
_9229355
245 0 _aVedanayakar pottiya pennai
260 _c1994
942 _hO31,1M26(Y15), N4
_cTEXL
_2CC
999 _c474220
_d474220